000 00444cam a2200181ua 4500
001 11045
008 190806n ii |||gr||||Z||||||asm
040 _cMAIN
041 _aasm
082 _a891.4514
100 _aArpana Konwar,
_eAuthor.
245 _aAdhunik asamiya gadyashailee
_cEdited by Arpana Konwar
250 _a1st ed.
260 _aDibrugarh:
_bBanalata,
_c2016.
300 _a552p.
653 _aAssamese literature
942 _cBK
999 _c9950
_d9950